|
|
|
|
| LEADER |
02935nem a22004812a 4500 |
| 001 |
mzk03001051822 |
| 003 |
CZ BrMZK |
| 005 |
20110110091810.0 |
| 007 |
aj|ca||| |
| 008 |
070627s1684 gw ij|||||a|||r|0|||latod |
| 034 |
0 |
|
|a a
|b 1600000
|d E0083000
|e E0293500
|f N0500500
|g N0412000
|
| 040 |
|
|
|a BOA001
|b cze
|
| 043 |
|
|
|a e------
|
| 072 |
|
7 |
|a 912:904
|x Staré mapy
|2 Konspekt
|9 7
|
| 080 |
|
|
|a (084.3)
|2 MRF
|
| 080 |
|
|
|a (282.243.7)
|2 MRF
|
| 080 |
|
|
|a (4)
|2 MRF
|
| 080 |
|
|
|a 912.43:069.5
|2 MRF
|
| 100 |
1 |
|
|a Sandrart, Jakob von,
|d 1630-1708
|7 mzk2008433844
|4 aut
|
| 245 |
1 |
0 |
|a Danubius Fluviorum Europae Princeps
|h [kartografický dokument] :
|b cum omnibus accessoriis Fluminibus, et quae alluit Regnis, Provinciis, Dynastiis, Urbibus eorumq; Nominibus priscis ac recentioribus: a Fonte ad Ostia. Ex variis Historicor: & Geographor: monumentis operâ ac studio /
|c Sigismundi Betulii Com. Pal. C. collectum & delineatum sculpsit & Excudit Iacobus Sandrart, Chalcographus ; Heroi Ill. & Excell. Dno. Dno. Gottlieb S.R.I.Com. et Dom. a Windischgrätz Lib. Bar. in Waldstein & im Thal. Dno. in Trautmansdorf Heredi T. Stabuli Magiso Ducat Stiriae S.C. Es. Malconsilias Imperiali Aulico Dno. Meo Gratios. Humil. & Observ. D.D.D. Sigism. a Birken
|
| 255 |
|
|
|a Měřítko [ca 1:1 600 000]. 4,1 cm = 6 Mill. Hungarica. 4,5 cm = 10 Mill. Germanica maj. 4,4 cm = 15 Mill. Germanica minora
|c (008°30´00" v.d.--029°35´00" v.d./050°05´00" s.š.--041°20´00" s.š.)
|
| 260 |
|
|
|a Norimbergae :
|b Excudit Iacobus Sandrart, Chalcographus,
|c 1684
|
| 300 |
|
|
|a 1 mapa :
|b mědirytina, ručně kolorovaná, podlepená plátnem ;
|c 47 x 117,5 cm na listu 54 x 125 cm, složeno na 54 x 36 cm
|
| 500 |
|
|
|a Výzdoba: U levého dolního rohu ozdobná kartuše s vedutou (Donau Eschingen) doprovázená mytologickými postavami a lastura s názvem, měřítka, směrová ružice, v pravém horním rohu kartuše s dedikací a s oslavnou básní o boji proti Turkům, v mapovém rámci geografické souřadnice
|
| 510 |
3 |
|
|a DNB
|
| 510 |
4 |
|
|a Kuchař, K. Mapová sbírka B.P. Molla,
|c s. 315
|
| 561 |
|
|
|a Provenience: [razítko] Franzmuseum D.K.K.M.S. Ackerbaugesellschaft
|
| 655 |
|
7 |
|a historické mapy
|7 fd186723
|2 czenas
|
| 650 |
0 |
4 |
|a Mollova mapová sbírka
|
| 650 |
0 |
7 |
|a mapové sbírky
|z Česko
|7 ph182407
|2 czenas
|
| 610 |
2 |
7 |
|a Moravská zemská knihovna (Brno, Česko).
|b Mapová sbírka B.P. Molla
|7 mzk2005304487
|2 czenas
|
| 651 |
|
7 |
|a Dunaj (řeka)
|7 ge129100
|2 czenas
|
| 651 |
|
7 |
|a Dunaj (řeka : povodí)
|7 ge129102
|2 czenas
|
| 700 |
1 |
|
|a Birken, Sigmund von,
|d 1626-1681
|7 mzk2003195880
|4 aut
|
| 700 |
1 |
|
|a Windisch-Graetz, Gottlieb von,
|d 1630-1695
|4 dte
|
| 856 |
4 |
1 |
|u http://mapy.mzk.cz/mzk03/001/051/822/2619316333
|y Digitalizovaný dokument
|
| 903 |
|
|
|a RP
|
| 910 |
|
|
|a BOA001
|b Moll-0003.130
|
| 978 |
|
|
|b Sandrart, Jacob von
|a Nürnberg
|c 1684
|
| 984 |
|
|
|a Norimberk
|b Německo
|
| 985 |
|
|
|a 1651-1700
|
| 990 |
|
|
|a MP
|
| 991 |
|
|
|k mzk
|